Daty do wypraw krzyżowych - Statystyki

Ogólne statystyki
  • Ten quiz został rozwiązany 4 razy
  • Średni wynik to 50 z 99
Statystyki odpowiedzi
Pytanie: wyprawy Rok/postać/bitwa % Poprawnych
sobór w Clermont przed 1095
100%
Pierwsza wyprawa ludowa przed 1096
100%
Bitwa pod Ascalonem I wyprawa 1099
100%
W którym roku krzyżowcyponownie zaatakowali Konstantynopol? IV krucjata 1204
100%
Wyprawa dziecięca pomiędzy 1212
100%
Bitwa pod Manzikertem przed 1071
50%
Pierwsza wyprawa krzyżowa I wyprawa 1096-1099
50%
Przez ile miało toobowiązywać? VI wyprawa 10 lat
50%
W którym roku? I wyprawa 1144
50%
W którym roku? II wyprawa 1147
50%
Druga wyprawa krzyżowa II wyprawa 1147-1149
50%
Oblężenie Damaszku II wyprawa 1148
50%
W którym roku? II wyprawa 1154
50%
Śmierć Baldwina IV pomiędzy 1185
50%
Kiedy i gdzie wygrał Saladyn pomiędzy 1187 Bitwa pod Hattin
50%
Oblężenie Akki, jakie lata? III wyprawa 1189-1191
50%
Trzecia wyprawa krzyżowa III wyprawa 1189-1192
50%
Ugoda Ryszarda z sułtanem(w którym roku) III wyprawa 1192
50%
Czwarta wyprawa krzyżowa IV wyprawa 1202-1204
50%
W którym roku pomogli wodzyskaniu tronu dla Aleksego? IV krucjata 1203
50%
Podaj lata istnieniaKrólestwa Tesaloniki pomiędzy 1204-1224
50%
Podaj lata istnieniaImperium Trapezuntu pomiędzy/po 1204-1461
50%
Podaj lata istnieniaDespotatu Epiru pomiędzy/po 1204-1479
50%
W którym roku odbył sięsobór laterański IV pomiędzy 1215
50%
W którym roku Innocenty IIIzmarł? Kto go zastąpił? pomiędzy 1216 Honoriusz III
50%
Piąta wyprawa krzyżowa V wyprawa 1217-1221
50%
Kiedy i gdzie później dotarli? V wyprawa 1218 Egipt
50%
Kiedy i jakie ważne miasto zdobyto? V wyprawa 1219 Damietta
50%
W którym roku Fryderyk IIHohenstauf był koronowany na cesarza? pomiędzy 1220
50%
Kiedy wyruszyli w głąbEgiptu krzyżowcy? V wyprawa(ten sam rok upadek) 1221
50%
Podaj lata istnieniaCesarstwa Tesaloniki pomiędzy 1227-1242
50%
W którym roku Fryderyk wyruszył + zaczął negocjować z Al-Kamilem VI wyprawa 1228
50%
Szósta wyprawa krzyżowa VI wyprawa 1228-1229
50%
Kiedy podpisano traktat pokojowy w którym odzyskano Betlejem, Jerozolimę i Nazaret? VI wyprawa 1229
50%
W którym roku CesarstwoNicejskie zdobyło władzę nad Cesarstwem Tesaloniki pomiędzy 1242
50%
Kiery Ludwik wyruszył naZiemię Świętą? VII wyprawa 1248
50%
Siódma wyprawa krzyżowa VII wyprawa 1248-1254
50%
Kiedy zdobyto po raz kolejnymiasto Damietta w VII wyprawie? VII wyprawa 1249
50%
Kiedy powrócił Ludwik doswojego Królestwa? pomiędzy 1254
50%
W którym roku odbudowali? pomiędzy 1261
50%
Ósma wyprawa krzyżowa VIII wyprawa 1270
50%
Kiedy upadła Akka? po 1291
50%
Ile trwało oblężenie? II wyprawa 5 dni
50%
kto prosił papieża o pomoc? przed Aleksy I Komnem
50%
Czyi posłowie przybyli dokrzyżowców w Zadarze? IV krucjata Aleksy IV Angelos
50%
Któremu władcy pomogławyprawa podczas marszu do Ziemi Świętej? II wyprawa Alfons I Zdobywca
50%
Kto był wtedy sułtanemEgiptu? V wyprawa Al-Kamil
50%
1 dowódca V wyprawy V wyprawa Andrzej II
50%
Kto zdobył Edesse I wyprawa Baldwin I Boulogne
50%
Z kim prowadził walki? pomiędzy Baldwin IV Trędowaty
50%
Gdzie stoczono walkę popójściu w głębi Egiptu oraz kiedy VII wyprawa Bitwa pod Al-Mansur 1250
50%
Bitwa podczas oblężenia? II wyprawa Bitwa pod Al-Mazza
50%
Bitwa Ryszarda I, podaj nazwę i kiedy się wydarzyła (wygrana nad Saladynem) III wyprawa Bitwa pod Arsuf 1191
50%
Bitwa stoczona przezkróla Konrada III II wyprawa Bitwa pod Doryleum
50%
Podaj bitwę i rok jej pomiędzy Bitwa pod Montgisard1177
50%
Kto zdobył Antiochię I wyprawa Boemund z Tarentu
50%
Jakie krzyżowcy założylipaństwo na terenie Konstantynopola IV krucjata Cesarstwo Łacińskie
50%
Jakie powstało równieżCesarstwo, które później odbudowało Cesarstwo Bizantyjskie? IV krucjata Cesarstwo Nicejskie
50%
W ramach odpowiedzijakie miasto miał zdobyć Barbarossa jeśli nie przepuści ich cesarz? III wyprawa Didimotichon
50%
Jaka wybuchła epidemia? VIII wyprawa dur brzuszny
50%
Kto dowodził transportem(strona Wenecji) IV krucjata Enrico Dandolo
50%
2 król 3 wyprawy III wyprawa Filip II August
50%
Kto opuścił Ziemię Świętą, pozdobyciu Akki III wyprawa Filip II August
50%
3 król 3 wyprawy III wyprawa Fryderyk I Barbarossa
50%
Kto zdobył Jerozolimę I wyprawa Gotfryd z Bouillon
50%
Który papież wzywał donowej wyprawy? VI wyprawa Grzegorz IX
50%
Jakie miasto Fryderyk Izdobył podczas wyprawy III wyprawa Ikonium
50%
Który cesarz bizantyjskiutrudnił Barbarossie przejście na jego ziemiach? III wyprawa Izaak II Angelos
50%
1 król podczas 2 wyprawy II wyprawa Konrad III Hohenstauf
50%
2 dowódca V wyprawy V wyprawa Leopold VI Sławny
50%
Kto był głównym dowódcąVII wyprawy?? VII wyprawa Ludwik IX Święty
50%
Dowódca ostatniej wyprawy VIII wyprawa Ludwik IX Święty
50%
2 król podczas 2 wyprawy II wyprawa Ludwik VII Młody
50%
kto wtedy był cesarzemw Bizancjum? II wyprawa Manuel I Komnem
50%
Za jakiego cesarza(nicejskiego) pomiędzy Michał VIII Paleolog
50%
Czy walki były kontynuowane? VIII wyprawa Nie
50%
Kto zdobył po tym miasto Damaszek? II wyprawa Nur ad-Din
50%
Tytuł Gotfryda z Bouillon? I wyprawa Obrońca GrobuŚwiętego
50%
Gdzie w 1217 rokurozpoczęto pierwsze walki V wyprawy krzyżowej V wyprawa Palestyna
50%
Podaj 2 inicjatora 2 wyprawy II wyprawa papież Eugeniusz III
50%
Dowódca i legat papieski V wyprawa Pelagiusz
50%
Kto za nią stał? przed Piotr z Amiens
50%
Kto zdobył Trypolis I wyprawa Rajmund z Tuluzy
50%
Za czyjego panowania? przed Roman IV Diogenes
50%
1 król 3 wyprawy III wyprawa Ryszard I Lwie Serce
50%
Kto był sułtanem Egiptuoraz Syrii pomiędzy Saladyn
50%
Na której rzece i kiedy Barbarossa utonął? III wyprawa Salef 1190
50%
Podaj 1 inicjatora 2 wyprawy II wyprawa św. Bernard z Clairvaux
50%
Cel wyprawy? VIII wyprawa Tunezja
50%
przez kogo zwołany? przed Urbana II
50%
Jakiego państwa było tomiasto? IV krucjata Węgier
50%
Z jakim państwem zawarliumowę na transport morski IV krucjata Wenecja
50%
Dandolo zaproponował abypomóc Wenecji w zdobyciu miasta, jakiego? IV krucjata Zadar
50%
Kto zdobył Edessę? I wyprawa Zengi
50%
Za ile spłacono Ludwika? VII wyprawa 400000 marek srebra
0%
Kto i kiedy stał za buntemprzeciwko Aleksemu i Izaakowi? IV krucjata Aleksy V Doukas 1204
0%
Gdzie pojmano Ludwika? VII wyprawa Bitwa pod Fariskur
0%
Który papież i kiedy ogłosił IV krucjatę pomiędzy Innocenty III 1198
0%
Który papież i w którym rokuwzywał kolejną wyprawę? pomiędzy Innocenty IV 1245
0%
Nie znaleziono quizów pasujących do podanych kryteriów
Rozkład punktacji
Procent ludzi z każdym wynikiem
Percentyl według liczby udzielonych odpowiedzi
Twoja historia wyników
Nie rozwiązałeś tego quizu